| 000 | 00494nam a2200181Ia 4500 | ||
|---|---|---|---|
| 001 | 20212 | ||
| 005 | 20260306172749.0 | ||
| 008 | 260306t2019||||xx |||||||||||||| ||spa|| | ||
| 041 | _aESP | ||
| 082 |
_a343 _bE87 |
||
| 100 |
_aEspinosa-Saldaña Barrera, Eloy _eAUT |
||
| 245 | 0 |
_aEn defensa de la constitución: _bcódigo procesal constitucional y tutela del ciudadano |
|
| 260 | _c2019 | ||
| 300 |
_a413 páginas : _c25 cm. |
||
| 650 | _aGEN | ||
| 654 | _aCDE | ||
| 942 |
_cLIB _dJUS _fJUS _2ddc _n |
||
| 999 |
_c20212 _d20212 |
||